La familia del toxicodependiente
Salvato in:
| Autore principale: | |
|---|---|
| Altri autori: | , , |
| Natura: | Libro |
| Lingua: | spagnolo |
| Pubblicazione: |
Barcelona, España
Paidós
1999
|
| Serie: | Terapia Familiar.
77 |
| Soggetti: | |
| Tags: |
Aggiungi Tag
Nessun Tag, puoi essere il primo ad aggiungerne!!
|
MARC
| LEADER | 00000nam a2200000 a 4500 | ||
|---|---|---|---|
| 001 | UCM0424 | ||
| 003 | CL-VaPUC | ||
| 005 | 20211116074321.0 | ||
| 008 | 020301e19990000SP |||||||||||||||||spa|d | ||
| 999 | |c 299331 |d 299329 | ||
| 040 | |c Pontificia Universidad Católica de Valparaíso | ||
| 082 | 0 | 4 | |a 616.86 CIR 1999 |2 21 |
| 100 | 0 | |a Cirillo, Stefano |9 467178 | |
| 245 | 1 | 3 | |a La familia del toxicodependiente |
| 260 | 0 | 3 | |a Barcelona, España |b Paidós |c 1999 |
| 300 | |a 263 páginas. | ||
| 490 | 0 | |a Terapia Familiar. |v 77 | |
| 583 | |a last modification |c 20020301 00:00:00 |k Rodrigo Vera | ||
| 650 | 0 | |a Abuso de drogas |9 254876 | |
| 650 | 0 | |a Problemas sociales |9 258537 | |
| 650 | 7 | |a RELACIONES FAMILIARES |2 CL-VaPUC |9 333100 | |
| 650 | 0 | |a Psicoterapia familiar |9 310747 | |
| 700 | 0 | |a Berrini, Roberto |9 467179 | |
| 700 | 0 | |a Cambiaso, Gianni |9 467180 | |
| 700 | 0 | |a Mazza, Roberto |9 467181 | |
| 942 | |c BK |2 ddc | ||
| 945 | |d 20020301 00:00:00 |a cmena | ||
| 952 | |0 0 |1 0 |2 ddc |4 0 |6 616_860000000000000_CIR_1999 |7 0 |8 A |9 355811 |a BIBEDU |b BIBEDU |d 2019-11-21 |i 3791319 |o 616.86 CIR 1999 |p 3791319 |r 2019-11-21 |t 1 |w 2019-11-21 |y BK |k PSI | ||
| 952 | |0 0 |1 0 |2 ddc |4 0 |6 616_860000000000000_CIR_1999 |7 0 |8 A |9 355812 |a BIBGIM |b BIBGIM |d 2019-11-21 |i 3831523 |o 616.86 CIR 1999 |p 3831523 |r 2025-01-15 |t 2 |w 2019-11-21 |y BK |k SSL | ||